CRC standard mathematical tables

Sábháilte in:
Sonraí bibleagrafaíochta
Príomhchruthaitheoir: Selby, Samuel Editor
Formáid: LEABHAR
Teanga:English
Foilsithe / Cruthaithe: Cleveland, Ohio: The Chemical Rubber co. 1967
Eagrán:15
Ábhair:
Clibeanna: Cuir clib leis
Níl clibeanna ann, Bí ar an gcéad duine le clib a chur leis an taifead seo!

MARC

LEADER 00000nam a2200000Ia 4500
003 000235
005 20221231143935.0
008 140114s1967 ohua 000 ||eng d
040 |c cru CEDI 
082 |a 510.83 C911c22 
100 |a Selby, Samuel   |c Editor  |9 20469 
245 |a CRC standard mathematical tables  
250 |a 15 
260 |a  Cleveland, Ohio: The Chemical Rubber co.  |c 1967 
300 |a viii, 664: ilustraciones  
650 |x MATEMATICAS - TABLAS, ETC.  |9 20470 
942 |2 ddc  |c BK 
999 |c 14543  |d 14543